»Es schwebte immer vor ihren Augen, dass sie es mit einem Zigeuner zu tun haben«

Titel: »Es schwebte immer vor ihren Augen, dass sie es mit einem Zigeuner zu tun haben« : Antiziganismus in der Slowakei und sein Einfluss auf die Lebenswelten von slowakischen Roma und Romnja / Noémi Sebők-Polyfka
Verfasser:
In: Neuer Nationalismus im östlichen Europa, (2018), Seite 229-244
alle Artikel anzeigen
Veröffentlicht: 2018
Format: Aufsatz
Sprache: Deutsch
Schlagworte:
Kein Bild verfügbar
X
alg: 42686218
001A    $03025:02-03-18 
001B    $01999:04-03-18 $t21:25:42.000 
001C    $03025:02-03-18 $t08:51:06.000 
001D    $03025:02-03-18 
001U    $0utf8 
001X    $00 
002@    $0Oou 
002C    $aText $btxt $2rdacontent 
002D    $aComputermedien $bc $2rdamedia 
002E    $aOnline-Ressource $bcr $2rdacarrier 
003@    $042686218X 
004P    $010.14361/9783839439623-013 
007A    $042686218X $aHEB 
010@    $ager 
010E    $erda 
011@    $a2018 
021A    $a»Es schwebte immer vor ihren Augen, dass sie es mit einem Zigeuner zu tun haben« $dAntiziganismus in der Slowakei und sein Einfluss auf die Lebenswelten von slowakischen Roma und Romnja $hNoémi Sebők-Polyfka 
028A    $BVerfasser $4aut $71153614928 $8Sebők-Polyfka, Noémi [Tp3] $9426862163 
031A    $h229-244 $j2018 
039B    $aEnthalten in $8--Oax--. Neuer Nationalismus im östlichen Europa. - Bielefeld : transcript-Verlag, [2018]. - 1 Online-Ressource. - ISBN 978-3-8394-3962-3. - DOI 10.1515/9783839439623 $x201800000000000771 $9423415689 
044K    $RTschechoslowakei $RTschechoslowakei $#Slowakei $#Slowakei $#Slowakische Republik $#Oberungarn $#Slovensko $#Slovenská Republika $#Slovenská SR $#SSR $#Slovakia $#Slovaquie $#Slovak Republic $#République Slovaque $#Slovenská Socialistická Republika $#Slowakische Sozialistische Republik $#Slovak Socialist Republic $#République Socialiste Slovaque $74055297-4 $8Slowakei [Tg1] $9085153834 
044K    $RZigeuner $RRomni $#Romanies $#Tsiganes $#Roma-Bevölkerung $#Rom Volk $74050473-6 $8Roma$gVolk [Ts1] $9085140678 
044K    $RRassismus $RFremdenfeindlichkeit $RSinti $RRoma $RZigeuner $#Tsiganes Persécutions $74808992-8 $8Antiziganismus [Ts1] $9125702019 
044K    $RRassentheorie $RAntirassismus $RRassenfrage $RRassendiskriminierung $#Racism $#Racisme $#Razzismo $#Racismo $#Ethnische Diskriminierung $#Rassismus $#Rassenideologie $#Rassenwahn $#Rassenvorurteil $74076527-1 $8Rassismus [Ts1] $9085216860 
044K    $RPrivatleben $RLebenswelt $RAlltagskultur $#Vie pratique $#Alltagsphänomen $#Alltagsleben $#Alltagswelt $#Lebensweise Alltag $#Tägliches Leben $#Daily Life $74001307-8 $8Alltag [Ts1] $9084994274 
045R    $aGeschichte 2000-2016 

lok: 42686218 78

exp: 42686218 78 1 #EPN
201B/01 $002-03-18 $t08:46:39.000 
201C/01 $002-03-18 
201U/01 $0utf8 
203@/01 $01018749977 
204P/01 $010.14361/9783839439623-013 
208@/01 $a02-03-18 $be 
209A/01 $a/ $f000 $x00 
209A/01 $ab*p $x01 
220C/01 $apgar 
244Z/01 $#Slowakei $#Slowakei $#Slowakische Republik $#Oberungarn $#Slovensko $#Slovenská Republika $#Slovenská SR $#SSR $#Slovakia $#Slovaquie $#Slovak Republic $#République Slovaque $#Slovenská Socialistická Republika $#Slowakische Sozialistische Republik $#Slovak Socialist Republic $#République Socialiste Slovaque $74055297-4 $8--Tg1--Slowakei $x01 $9085153834 
247C/01 $82080>Marburg/Lahn, Herder-Institut, Forschungsbibliothek, Bibliographieportal $9336309341
LEADER 00000caa a2200000 c 4500
001 42686218X
003 DE-603
005 20180304212542.0
007 cr||||||||||||
008 180302s2018 xx |||| o| u00||u|ger c
024 7 |a 10.14361/9783839439623-013  |2 doi 
035 |a (DE-599)HEB42686218X 
040 |a DE-603  |b ger  |c DE-603  |d DE-603  |e rda 
041 |a ger 
100 1 |a Sebők-Polyfka, Noémi  |e Verfasser  |4 aut  |0 (DE-603)426862163  |0 (DE-588)1153614928  |2 gnd 
245 0 0 |a »Es schwebte immer vor ihren Augen, dass sie es mit einem Zigeuner zu tun haben«  |b Antiziganismus in der Slowakei und sein Einfluss auf die Lebenswelten von slowakischen Roma und Romnja  |c Noémi Sebők-Polyfka 
264 0 |c 2018 
336 |a Text  |b txt  |2 rdacontent 
337 |a Computermedien  |b c  |2 rdamedia 
338 |a Online-Ressource  |b cr  |2 rdacarrier 
648 7 |a Geschichte 2000-2016  |2 gnd 
650 7 |a Roma  |g Volk  |0 (DE-588)4050473-6  |0 (DE-603)085140678  |2 gnd 
650 7 |a Antiziganismus  |0 (DE-588)4808992-8  |0 (DE-603)125702019  |2 gnd 
650 7 |a Rassismus  |0 (DE-588)4076527-1  |0 (DE-603)085216860  |2 gnd 
650 7 |a Alltag  |0 (DE-588)4001307-8  |0 (DE-603)084994274  |2 gnd 
651 7 |a Slowakei  |0 (DE-588)4055297-4  |0 (DE-603)085153834  |2 gnd 
773 0 8 |i Enthalten in  |t Neuer Nationalismus im östlichen Europa  |d Bielefeld : transcript-Verlag, [2018]  |h 1 Online-Ressource  |o 10.1515/9783839439623  |z 9783839439623  |g (2018), Seite 229-244  |w (DE-603)423415689 
924 1 |9 2080  |a (DE-603)1018749977  |b DE-2080  |c HES  |d d  |g /